书目信息 |
| 题名: |
绿道设计
|
|
| 作者: | 黑尔蒙德 , 史密斯 主编 ;张丹明 , 林双盈 , 罗杨文 译 | |
| 分册: | ||
| 出版信息: | 北京 中国建筑工业出版社 2018.07 |
|
| 页数: | xiii, 347页 | |
| 开本: | 23cm | |
| 丛书名: | ||
| 单 册: | ||
| 中图分类: | TU985.18 | |
| 科图分类: | ||
| 主题词: | 城市道路--cheng shi dao lu--道路绿化--绿化规划 | |
| 电子资源: | ||
| ISBN: | 978-7-112-21384-9 | |
| 000 | 01639nam0 2200313 450 | |
| 001 | 012018000305 | |
| 005 | 20190306150942.69 | |
| 010 | @a978-7-112-21384-9@dCNY78.00 | |
| 100 | @a20180716d2018 em y0chiy50 ea | |
| 101 | 1 | @achi@ceng |
| 102 | @aCN@b110000 | |
| 105 | @aak a 001yy | |
| 200 | 1 | @a绿道设计@Alv dao she ji@e人与自然的和谐景观@f(美) 保罗·黑尔蒙德, 丹尼尔·史密斯主编@F(mei) bao luo ·hei er meng de, dan ni er ·shi mi si zhu bian@g张丹明, 林双盈, 罗杨文等译 |
| 210 | @a北京@c中国建筑工业出版社@d2018.07 | |
| 215 | @axiii, 347页@c图@d23cm | |
| 312 | @a英文题名原文取自版权页 | |
| 320 | @a有书目和索引 | |
| 330 | @a本书作者从社会生态学角度, 通过丰富案例全面回顾了绿道的发展, 分析了绿道在社会系统中的功能和作用, 以及规划设计理念、设计步骤和管理措施; 阐述了绿道的社会和自然功能, 并把绿道作为大尺度下的生态单元, 在理论上从自然生态功能和社会功能两个方面全面论述了绿道规划设计的基本理论以及进行绿道设计的五个阶段。本书通俗易懂, 具有较强的实践性和可操作性。有效地促进了生态规划, 景观规划与绿道规划设计等学科相互渗透和结合。 | |
| 500 | 10 | @aDesigning greenways sustainable landscapes for nature and people@mChinese |
| 517 | 1 | @a人与自然的和谐景观@Aren yu zi ran de he xie jing guan |
| 606 | 0 | @a城市道路@Acheng shi dao lu@x道路绿化@x绿化规划 |
| 690 | @aTU985.18@v5 | |
| 701 | 1 | @a黑尔蒙德@Ahei er meng de@g(Hellmund, Paul Cawood)@4主编 |
| 701 | 1 | @a史密斯@Ashi mi si@g(Smith, Daniel Somers)@4主编 |
| 702 | 0 | @a张丹明@Azhang dan ming@4译 |
| 702 | 0 | @a林双盈@Alin shuang ying@4译 |
| 702 | 0 | @a罗杨文@Aluo yang wen@4译 |
| 801 | 0 | @aCN@c20180813 |
| 905 | @a河南城建学院图书馆@b21355168-69@dTU985.18@eH338@f2 | |
| 绿道设计:人与自然的和谐景观/(美) 保罗·黑尔蒙德, 丹尼尔·史密斯主编/张丹明, 林双盈, 罗杨文等译.-北京:中国建筑工业出版社,2018.07 |
| xiii, 347页:图;23cm |
| ISBN 978-7-112-21384-9:CNY78.00 |
| 本书作者从社会生态学角度, 通过丰富案例全面回顾了绿道的发展, 分析了绿道在社会系统中的功能和作用, 以及规划设计理念、设计步骤和管理措施; 阐述了绿道的社会和自然功能, 并把绿道作为大尺度下的生态单元, 在理论上从自然生态功能和社会功能两个方面全面论述了绿道规划设计的基本理论以及进行绿道设计的五个阶段。本书通俗易懂, 具有较强的实践性和可操作性。有效地促进了生态规划, 景观规划与绿道规划设计等学科相互渗透和结合。 |
| ● |
| 相关链接 |
|
|
|
正题名:绿道设计
索取号:TU985.18/H338
 
预约/预借
| 序号 | 登录号 | 条形码 | 馆藏地/架位号 | 状态 | 备注 |
| 1 | 1305997 | 213059973 | 建筑库201/201建筑库 66排6列1层/ [索取号:TU985.18/H338] | 在馆 | |
| 2 | 1355168 | 213551681 | 建筑与城市规划学院资料室/201建筑库 97排2列2层/ [索取号:TU985.18/H338] | 在馆 | |
| 3 | 1355169 | 213551690 | 建筑库201/201建筑库 66排6列1层/ [索取号:TU985.18/H338] | 在馆 |